000 00286nam a2200121Ia 4500
008 190216s9999||||xx |||||||||||||| ||und||
100 _aNagavalli
245 0 _aViswamahakatha
260 _bThe Educational Supplies
_c1989
300 _a134p
650 _aMalayalam Nadakam
942 _cBK
999 _c24087
_d24087